MEMS mechanical sensors / (Record no. 175694)
[ view plain ]
| 000 -LEADER | |
|---|---|
| fixed length control field | 01069 a2200241 4500 |
| 003 - CONTROL NUMBER IDENTIFIER | |
| control field | Nust |
| 005 - DATE AND TIME OF LATEST TRANSACTION | |
| control field | 20221007183324.0 |
| 010 ## - LIBRARY OF CONGRESS CONTROL NUMBER | |
| LC control number | 2004046158 |
| 020 ## - INTERNATIONAL STANDARD BOOK NUMBER | |
| International Standard Book Number | 1580535364 |
| 040 ## - CATALOGING SOURCE | |
| Transcribing agency | Nust |
| 082 00 - DEWEY DECIMAL CLASSIFICATION NUMBER | |
| Classification number | 681.2,BEE |
| 245 00 - TITLE STATEMENT | |
| Title | MEMS mechanical sensors / |
| Statement of responsibility, etc. | Stephen Beeby ... [et al.]. |
| 260 ## - PUBLICATION, DISTRIBUTION, ETC. | |
| Place of publication, distribution, etc. | Boston : |
| Name of publisher, distributor, etc. | Artech House, |
| Date of publication, distribution, etc. | c2004. |
| 300 ## - PHYSICAL DESCRIPTION | |
| Extent | x, 269 p. : |
| Other physical details | ill. ; |
| Dimensions | 26 cm. |
| 490 1# - SERIES STATEMENT | |
| Series statement | Artech House microelectromechanical system series |
| 505 ## - FORMATTED CONTENTS NOTE | |
| Formatted contents note | Introduction (Page-1), Materials and fabrication techniques(Page-7), MEMS simulation and design tools (Page-39), Mechanical sensor packaging (Page-57), Mechanical transduction techniques (Page-85), Pressure sensors (Page-113), Force and torque sensors (Page-153), Inertial sensors (Page-173), Flow sensors (Page-213). |
| 650 #0 - SUBJECT ADDED ENTRY--TOPICAL TERM | |
| Topical term or geographic name entry element | Detectors. |
| 9 (RLIN) | 399 |
| 650 #0 - SUBJECT ADDED ENTRY--TOPICAL TERM | |
| Topical term or geographic name entry element | Microelectromechanical systems. |
| 700 1# - ADDED ENTRY--PERSONAL NAME | |
| Personal name | Beeby, Stephen. |
| 9 (RLIN) | 99540 |
| 830 #0 - SERIES ADDED ENTRY--UNIFORM TITLE | |
| Uniform title | Microelectromechanical systems series. |
| 9 (RLIN) | 99541 |
| 856 41 - ELECTRONIC LOCATION AND ACCESS | |
| Materials specified | Table of contents only |
| Uniform Resource Identifier | <a href="http://www.loc.gov/catdir/toc/fy0611/2004046158.html">http://www.loc.gov/catdir/toc/fy0611/2004046158.html</a> |
| 942 ## - ADDED ENTRY ELEMENTS (KOHA) | |
| Koha item type | Reference |
| Source of classification or shelving scheme | |
| Withdrawn status | Lost status | Source of classification or shelving scheme | Damaged status | Not for loan | Permanent Location | Current Location | Shelving location | Date acquired | Full call number | Barcode | Date last seen | Price effective from | Koha item type | Public note |
|---|---|---|---|---|---|---|---|---|---|---|---|---|---|---|
| Military College of Signals (MCS) | Military College of Signals (MCS) | Reference | 12/12/2016 | 681.2,BEE | MCS31047 | 12/08/2016 | 12/12/2016 | Reference | Almirah No.24, Shelf No.6 |
